• 首页
  • 本馆介绍
  • 公告通知
  • 最新文献
  • 馆藏检索
  • 电子资源
  • 读者导购
  • 参考咨询
  • 我的图书馆
  • 登录
  • 详细信息显示
  • 放入我的书架
  • 预约/预借图书
  • 作者相关作品
  • 分类相关作品
  • 丛书相关作品
  • 出版社相关作品

书目信息

  • 表格格式
  • 工作单格式
  • 卡片格式
题名:
植物及植物生理
    
 
作者: 秦静远 主编
分册:  
出版信息: 北京   化学工业出版社  2016.10
页数: 304页
开本: 26cm
丛书名:
单 册:
中图分类: Q94 , Q945
科图分类:
主题词: 植物学--高等职业教育--教材 , 植物生理学--高等职业教育--教材
电子资源:
ISBN: 978-7-122-27629-2
000 01023nam0 2200301 450
001 0400003653
005 20171026093129.70
010    @a978-7-122-27629-2@dCNY42.00
100    @a20161019d2016 em y0chiy50 ea
101 0  @achi
102    @aCN@b110000
105    @aa z 000yy
106    @ar
200 1  @a植物及植物生理@9zhi wu ji zhi wu sheng li@f秦静远主编
205    @a第2版
210    @a北京@c化学工业出版社@d2016.10
215    @a304页@c图@d26cm
300    @a高职高专规划教材
307    @a实际页数为:305
320    @a有书目(第305页)
330    @a本书以粮、棉、油、蔬菜和果树等主要植物为代表,阐述了植物形态、结构、系统分类、生理、环境生理等知识,使学习者对当代植物学有广泛、全面的认识。共有十四章,每章配有学习目标、本章小结和复习思考题,并附有实训指导。
606 0  @a植物学@x高等职业教育@j教材
606 0  @a植物生理学@x高等职业教育@j教材
690    @aQ94@v5
690    @aQ945@v5
701  0 @a秦静远@9qin jing yuan@4主编
801  0 @aCN@b91MARC@c20171022
905    @b1033936-40@dQ94@f5@e354=2
    
    植物及植物生理/秦静远主编.-第2版.-北京:化学工业出版社,2016.10
    304页:图;26cm
    高职高专规划教材
    
    ISBN 978-7-122-27629-2:CNY42.00
    本书以粮、棉、油、蔬菜和果树等主要植物为代表,阐述了植物形态、结构、系统分类、生理、环境生理等知识,使学习者对当代植物学有广泛、全面的认识。共有十四章,每章配有学习目标、本章小结和复习思考题,并附有实训指导。
●
相关链接 在E读中查询图书 在五车中查询图书 在当当中查询图书 在豆瓣中查询图书


正题名:植物及植物生理     索取号:Q94/354=2         预约/预借

序号 登录号 条形码 馆藏地/架位号 状态 备注
1 1033936   210339365   第二样本阅览室/ [索取号:Q94/354=2] 在馆    
2 1033937   210339374   密集书库-生命科学系/ [索取号:Q94/354=2] 在馆    
3 1033938   210339383   第三借阅区/ [索取号:Q94/354=2] 在馆    
4 1033939   210339392   第三借阅区/ [索取号:Q94/354=2] 在馆    
5 1033940   210339409   第三借阅区/ [索取号:Q94/354=2] 在馆    
唐山师范学院图书馆 欢迎您!
大连网信软件有限公司© 版权所有